Milý spoločník Toyota Aygo

Bibliographic Details
Main Author: Pauliny, Emil (Author)
Format: Article
Language:Slovak
PhysicalDescription:Fotogr.
ISSN:1335-0730
Subjects:

MARC

LEADER 00000nab a2200000 ar4500
001 vtls008410903
003 SK-MaSNL
005 20260303070150.0
008 051122c2005 xo wr|p|||||||000 b|slo
015 |a SNBRB2005/11  |2 snkbucl 
038 |a SNKBUCL 
040 |a SNKBUCL  |b slo  |c SNKBUCL  |e AACR2 
041 0 |a slo 
044 |a xo  |c SK 
080 |a 629.331.1  |2 UDC-MRF-SK2 
100 1 |a Pauliny, Emil  |4 aut  |9 267424 
245 1 0 |a Milý spoločník  |b Toyota Aygo  |c Emil Pauliny 
300 |b Fotogr. 
650 0 7 |a Toyota Aygo (osobný automobil)  |2 snkbucl  |9 1067217 
650 0 7 |a technické parametre  |2 snkbucl  |9 452097 
650 0 7 |a osobné automobily  |2 snkbucl  |9 26643 
773 0 |t Stop  |g Roč. XXXV, č. 22 (2005), s. 14-15  |x 1335-0730 
852 |a SNK  |b KIS3GCP 
999 |c 1754220  |d 1756150